000 00956nam a22002777a 4500
001 BR8206565
003 BR-BrBNA
005 20230928091522.0
007 ta
008 230509b bl.||||| |||| 00| 0 por d
040 _aBR-BrBNA
_bpor
_cBiblioteca Nacional de Agricultura
041 _a(Por)
072 _aK10
_b/G514
090 _ K10 BR8206565
110 1 _aComissao Estadual de Planejamento Agricola, Salvador, BA (Brasil)
_92061
245 1 _aReflorestamento em pequenos e medios imoveis rurais [reflorestamento, floresta, projeto de desenvolvimento, Bahia, Brasil]
_bREPEMIR/Bahia
260 3 _aSalvador, BA (Brasil):
_c1982.
300 _a28 p.
500 _a3 Maps, scale 1:50,000; 4 tables. (*) Documento disponível na(o) BEAGRI, Salvador, BA (Brazil)
650 _aREFLORESTAMENTO
650 _aPOLITICA FLORESTAL
650 _aPROJETO DE DESENVOLVIMENTO
650 _aBAHIA
909 _a202309
_bLucia
_c55
_dLucia Elande
942 _cBK
999 _c34225
_d34225